Normal view
MARC view
- Matta, Gagan
Entry Personal Name
001 - CONTROL NUMBER
- control field: 340
003 - CONTROL NUMBER IDENTIFIER
- control field: OSt
005 - DATE AND TIME OF LATEST TRANSACTION
- control field: 20160609133234.0
008 - FIXED-LENGTH DATA ELEMENTS
- fixed length control field: 160609|| aca||aabn | a|a d
040 ## - CATALOGING SOURCE
- Original cataloging agency: OSt
- Transcribing agency: OSt
100 ## - HEADING--PERSONAL NAME
- Personal name: Matta, Gagan
670 ## - SOURCE DATA FOUND
- Source citation: Work cat.: (OSt)13695: Khanna, D.R 338, Water and wastewater management, Vol.1, 2011
